Obst und Gemüse - Statistiken

Allgemein
  • Dieses Quiz wurde 1.983 mal gespielt
  • Das Durchschnittsergebnis liegt bei 10 aus 20
Antwortstatistiken
Bildquiz Antwort % Korrekt
Kresse
90%
Zucchini
90%
Dattel
83%
Papaya
80%
Sternfrucht
80%
Cashew
78%
Artischocke
68%
Kaki
68%
Physalis
64%
Hagebutte
63%
Fenchel
58%
Grünkohl
52%
Holunder
46%
Schwarzwurzel
43%
Mangold
28%
Enoki
20%
Austernpilz
13%
Topinambur
11%
Bergamotte
8%
Acerola
5%
Keine übereinstimmenden Quizze gefunden
Verteilung der Resultate
Anzahl Personen mit jedem Resultat
Perzentil nach korrekt beantworteten Fragen
Ihre Resultats-Entwicklung
Sie haben dieses Quiz noch nicht gespielt